000 00312nam a22001337a 4500
008 170612b xxu||||| |||| 00| 0 eng d
020 _a53D1090
041 _aeng
080 _a32
100 _a19
101 _aSHP
245 _aTHE FOREIGN POLICY OF THE USSR: DOMESTIC FACTORS
_cSCHWARTZ, M
942 _2udc
_cBK
999 _c16860
_d16860